MARC

LEADER 00000nam0a2200000 4500
001 302002
005 20231102001446.0
035 |a (RuTPU)RU\TPU\book\327197 
090 |a 302002 
100 |a 20150818d1965 m y0rusy50 ca 
101 0 |a rus 
102 |a RU 
105 |a a j 001zy 
200 1 |a Энергетические расчеты с помощью вычислительных машин  |e учебное пособие  |f В. И. Горушкин 
210 |a Москва  |c Высшая школа  |d 1965 
215 |a 199 с.  |c ил. 
320 |a Библиогр.: с. 197. 
606 1 |a Энергетика  |x Автоматизация  |2 stltpush  |3 (RuTPU)RU\TPU\subj\21201  |9 46225 
610 1 |a математические модели 
610 1 |a задачи 
610 1 |a решение 
610 1 |a переходные процессы 
610 1 |a расчет 
610 1 |a цифровые машины 
610 1 |a применение 
610 1 |a программирование 
610 1 |a учебные пособия 
675 |a 620.9:65.011.56(075.8)  |v 3 
700 1 |a Горушкин  |b В. И.  |g Вадим Иванович 
801 1 |a RU  |b 63413507  |c 20150818 
801 2 |a RU  |b 63413507  |c 20220323  |g RCR 
942 |c BK